| 000 | 00373nam a2200145Ia 4500 | ||
|---|---|---|---|
| 008 | 200103s9999||||xx |||||||||||||| ||und|| | ||
| 020 | _a0444416234, | ||
| 040 | _aIMU-MPC | ||
| 082 | _aColumn-11 | ||
| 100 | _aHekinian, R. | ||
| 245 | 0 | _aPetrology of the ocean Floor | |
| 260 |
_bElsevier Scientific Publishing Company, New York _c1982 |
||
| 300 | _axiv, 393 | ||
| 942 | _cBK | ||
| 999 |
_c4651 _d4651 |
||